| 000 | 01493nam a2200337Ia 4500 | ||
|---|---|---|---|
| 001 | ebr10064644 | ||
| 003 | CaPaEBR | ||
| 006 | m u | ||
| 007 | cr cn||||||||| | ||
| 008 | 040525s2004 pau sb 101 0 eng d | ||
| 010 | _z 2004053124 | ||
| 020 | _z1588115496 | ||
| 040 |
_aCaPaEBR _cCaPaEBR |
||
| 035 | _a(OCoLC)70773074 | ||
| 050 | 1 | 4 |
_aP40.5.L28 _bI58 2002eb |
| 082 | 0 | 4 |
_a306.44/6 _222 |
| 111 | 2 |
_aInternational Conference on Language Attrition: Interdisciplinary Perspectives on Methodological Issues _d(2002 : _cVrije Universiteit Amsterdam) |
|
| 245 | 1 | 0 |
_aFirst language attrition _h[electronic resource] : _binterdisciplinary perspectives on methodological issues / _cedited by Monika S. Schmid ... [et al.]. |
| 260 |
_aPhiladelphia, Pa. : _bJohn Benjamins Publishing, _c2004. |
||
| 300 | _aix, 377 p. | ||
| 490 | 1 |
_aStudies in bilingualism, _x0928-1533 ; _vv. 28 |
|
| 504 | _aIncludes bibliographical references and index. | ||
| 533 |
_aElectronic reproduction. _bPalo Alto, Calif. : _cebrary, _d2011. _nAvailable via World Wide Web. _nAccess may be limited to ebrary affiliated libraries. |
||
| 650 | 0 |
_aLanguage attrition _vCongresses. |
|
| 650 | 0 |
_aBilingualism _vCongresses. |
|
| 655 | 7 |
_aElectronic books. _2local |
|
| 700 | 1 | _aSchmid, Monika S. | |
| 710 | 2 | _aebrary, Inc. | |
| 830 | 0 |
_aStudies in bilingualism ; _vv. 28. |
|
| 856 | 4 | 0 |
_uhttp://site.ebrary.com/lib/rucke/Doc?id=10064644 _zAn electronic book accessible through the World Wide Web; click to view |
| 999 |
_c47677 _d47677 |
||